道ひとすじ

Shranjeno v:
Bibliografske podrobnosti
Glavni avtor: 井植薫(いうえ かおる)
Format: Knjiga
Jezik:Undetermined
Izdano: 東京 電波新聞社 1976
Teme:
Oznake: Označite
Brez oznak, prvi označite!
Thư viện lưu trữ: Trung tâm Học liệu Trường Đại học Cần Thơ
LEADER 00496nam a2200181Ia 4500
001 CTU_93845
008 210402s9999 xx 000 0 und d
082 |a 658.409 
082 |b I92 
100 |a 井植薫(いうえ かおる) 
245 0 |a 道ひとすじ 
245 0 |c 井植薫 
260 |a 東京 
260 |b 電波新聞社 
260 |c 1976 
650 |a Success in business,Japanese businessman 
904 |i Ngoc 
980 |a Trung tâm Học liệu Trường Đại học Cần Thơ